UM Logo

Is well-being associated with the quantity and quality of social interactions? / (Record no. 20747)

MARC details
000 -LEADER
fixed length control field 00944nam a22002177a 4500
005 - DATE AND TIME OF LATEST TRANSACTION
control field 20260305111622.0
008 - FIXED-LENGTH DATA ELEMENTS--GENERAL INFORMATION
fixed length control field 240821b ||||| |||| 00| 0 eng d
082 ## - DEWEY DECIMAL CLASSIFICATION NUMBER
Classification number DPer 155.205 J826 October-December 2020 v. 119 n. 4-6
100 ## - MAIN ENTRY--PERSONAL NAME
Personal name Sun, Jessie.
Relator term author.
9 (RLIN) 58600
245 ## - TITLE STATEMENT
Title Is well-being associated with the quantity and quality of social interactions? /
Statement of responsibility, etc. Jessie Sun, Kelci Harris, and Simine Vazire.
260 ## - PUBLICATION, DISTRIBUTION, ETC. (IMPRINT)
Place of publication, distribution, etc. Washington, DC ;
Name of publisher, distributor, etc. American Psychological Association ,
Date of publication, distribution, etc. December 2020.
300 ## - PHYSICAL DESCRIPTION
Extent Volume 119, pages 1478-1496 :
Other physical details illustration ;
Dimensions 28 cm.
500 ## - GENERAL NOTE
General note Journal of Personality and Social Psychology, vol. 119, no. 6, pages 1478-1496, December 2020.
650 ## - SUBJECT ADDED ENTRY--TOPICAL TERM
Topical term or geographic name as entry element Social psychology.
9 (RLIN) 61424
650 ## - SUBJECT ADDED ENTRY--TOPICAL TERM
Topical term or geographic name as entry element Personality.
9 (RLIN) 61425
650 ## - SUBJECT ADDED ENTRY--TOPICAL TERM
Topical term or geographic name as entry element Individuality.
9 (RLIN) 19964
700 ## - ADDED ENTRY--PERSONAL NAME
Personal name Sun, Jessie.
Relator term author.
9 (RLIN) 58600
700 ## - ADDED ENTRY--PERSONAL NAME
Personal name Harris, Kelci.
Relator term author.
9 (RLIN) 58601
700 ## - ADDED ENTRY--PERSONAL NAME
Personal name Vazire, Simine.
Relator term author.
9 (RLIN) 58602
942 ## - ADDED ENTRY ELEMENTS (KOHA)
Source of classification or shelving scheme Dewey Decimal Classification
Koha item type Periodicals
Holdings
Withdrawn status Lost status Source of classification or shelving scheme Damaged status Not for loan Collection code Home library Current library Date acquired Total Checkouts Full call number Date last seen Price effective from Koha item type Public note
    Dewey Decimal Classification     Periodicals UM Digos College - LIC UM Digos College - LIC 08/21/2024   DPer 155.205 J826 October-December 2020 v. 119 n. 4-6 08/21/2024 08/21/2024 Periodicals Periodical Article